Microprocessor-Based agri instrumentation (Record no. 12503)

000 -LEADER
fixed length control field 00427nam a22001457a 4500
020 ## - INTERNATIONAL STANDARD BOOK NUMBER
International Standard Book Number 9788120340862
082 ## - DEWEY DECIMAL CLASSIFICATION NUMBER
Classification number 621.395 KAN
100 ## - MAIN ENTRY--PERSONAL NAME
Personal name Kant, Krishna
245 ## - TITLE STATEMENT
Title Microprocessor-Based agri instrumentation
260 ## - PUBLICATION, DISTRIBUTION, ETC.
Place of publication, distribution, etc. New Delhi, India
Name of publisher, distributor, etc. PHI Learning
Date of publication, distribution, etc. 2010
300 ## - PHYSICAL DESCRIPTION
Extent xx, 452 p.
Other physical details ill. ;
500 ## - GENERAL NOTE
General note Includes index.
650 ## - SUBJECT ADDED ENTRY--TOPICAL TERM
Topical term or geographic name entry element 1. Microprocessors. 2. Computer interfaces. 3. Electronic instruments.
942 ## - ADDED ENTRY ELEMENTS (KOHA)
Koha item type Book
Holdings
Withdrawn status Lost status Damaged status Not for loan Collection code Permanent Location Current Location Shelving location Date acquired Source of acquisition Cost, normal purchase price Total Checkouts Full call number Barcode Date last seen Price effective from Koha item type
          Central Library (CL) Central Library (CL) General Stacks 12/27/2013 Multi-Line Books 688.88   621.395 KAN SEECS012863 06/04/2024 01/05/2014 Book
© 2023 Central Library, National University of Sciences and Technology. All Rights Reserved.